00329nam a2200121Ia 45000010005000000080041000050820017000461000042000632450036001052600024001419010027001659990015001922874241024s9999 xx 000 0 und d aRD/250/C748c aConferencia del Episcopado Dominicano 0aCarta pastoral 21 de enero 2013 bSanto Domingoc2013 a18/2/2014 8:13:52 a.m. c9930d9930